| 000 | 00873nam a2200229 a 4500 | ||
|---|---|---|---|
| 001 | 000022724 | ||
| 005 | 20250909115816.0 | ||
| 008 | 101116s1972 sp 000 0 spa d | ||
| 040 |
_aDO-SdBNP _bspa _cBNPHU |
||
| 041 | 1 | 7 |
_aspa _heng _2Código de idiomas MARC |
| 082 |
_a320.510973 _bT763l |
||
| 245 | 0 | 3 |
_aLa tradición liberal en el pensamiento de los Estados Unidos / _cselección y edición de Walter E. Volkomer ; traducción de Carlos Gerhard. |
| 260 |
_aMéxico, D. F. : _bEditores Asociados, _c1972. |
||
| 300 |
_a355 p. ; _c23 cm. |
||
| 534 |
_aTítulo de la obra en inglés : _tThe liberal tradition in american thought |
||
| 650 | 4 |
_aLiberalismo _zEstados Unidos _xHistoria _946703 |
|
| 650 | 0 |
_aLiberalismo _95271 |
|
| 650 | 4 |
_aFormas de gobierno _92772 |
|
| 700 | 1 |
_aVolkomer, Walter E., _eed. _946704 |
|
| 700 | 1 |
_aGerhard, Carlos, _etr. _95131 |
|
| 049 | _aBNGR | ||
| 999 |
_c22221 _d22221 |
||